000 00898nas a2200289 4500
001 BR2012008879
003 BR-BrBNA
005 20231205121457.0
007 ta
008 230509b bl.|||p| |||| 00| 00por d
040 _aBR-BrBNA
_bpor
_cBiblioteca Nacional de Agricultura
041 _a(En)
072 _aL74
100 1 _aRodrigues, C.A.
100 1 _aLuvizotto, M.C.R.
100 1 _aAlves, A.L.G.
100 1 _aTeodoro, P.H.M.
100 1 _aGregório, E.A.
245 1 _aDigital dermatitis of the accessory digits of dairy cows
246 1 _aDigital dermatitis of the accessory digits of dairy cows
650 _aVACA LEITEIRA
650 _aPAPILOMATOSE
650 _aLESÃO CUTÂNEA
773 0 _tPesquisa Veterinária Brasileira (Brazil)
_xISSN 0100-736X
_g(Mar 2010), v. 30(3) p. 246-248
_wBR2012008879
909 _a202311
_bLúcia
_c55
_dLúcia Elande
942 _2AGRIS
_n0
_cANA
999 _c223763
_d223763